书目信息 |
| 题名: |
周礼正义
|
|
| 作者: | 孙诒让 撰 ;王文锦 , 陈玉霞 点校 | |
| 分册: | 第五册 卷三十二至卷三十六 | |
| 出版信息: | 北京 中华书局 1987.12 |
|
| 页数: | 1245-1463页 | |
| 开本: | 20cm | |
| 丛书名: | 十三经清人注疏 | |
| 单 册: | ||
| 中图分类: | K224.06 | |
| 科图分类: | ||
| 主题词: | 史料--中国--西周时代 , 先秦哲学 | |
| 电子资源: | ||
| ISBN: | 7-101-00167-X | |
| 000 | 00946nam2 2200301 45 | |
| 001 | 0187008413 | |
| 005 | 20061114150629.18 | |
| 010 | @a7-101-00167-X@dCNY23.50 | |
| 100 | @a19900808d1987 em y0chiy0121 ea | |
| 101 | 0 | @achi |
| 102 | @aCN@b110000 | |
| 105 | @ay z 000yy | |
| 200 | 10 | @a周礼正义@Azhou li zheng yi@h第五册@i卷三十二至卷三十六@f(清)孙诒让撰@g王文锦,陈玉霞点校@Gwang wen jin,chen yu xia dian xiao |
| 210 | @a北京@c中华书局@d1987.12 | |
| 215 | @a1245-1463页@d20cm | |
| 225 | 2 | @a十三经清人注疏 |
| 410 | 0 | @120010@a十三经清人注疏 |
| 517 | 1 | @a卷三十二至卷三十六@Ajuan san shi er zhi juan san shi liu |
| 605 | @a周礼@x注释 | |
| 606 | @a史料@y中国@z西周时代 | |
| 606 | @a先秦哲学 | |
| 690 | @aK224.06@v3 | |
| 701 | 0 | @a孙诒让@Asun yi rang@f清@4撰 |
| 702 | 0 | @a王文锦@Awang wen jin@4点校 |
| 702 | 0 | @a陈玉霞@Achen yu xia@4点校 |
| 801 | 2 | @aCN@bNLC@c20061114 |
| 801 | 0 | @aCN@bTSSF |
| 905 | @a10447@dK224.06@e14:5 | |
| 周礼正义.第五册.卷三十二至卷三十六/(清)孙诒让撰/王文锦,陈玉霞点校.-北京:中华书局,1987.12 |
| 1245-1463页;20cm.-(十三经清人注疏) |
| ISBN 7-101-00167-X:CNY23.50 |
| ● |
| 相关链接 |
|
|
|
|
正题名:周礼正义
索取号:K224.06/14:5
 
预约/预借
| 序号 | 登录号 | 条形码 | 馆藏地/架位号 | 状态 | 备注 |
| 1 | 0237135 | 001279093 | 第二样本阅览室/ [索取号:K224.06/14:5] | 在馆 |